00397nam a2200121Ia 4500008004100000100001100041245008500052245004300137260000900180300001100189650001300200856006200213170221s9999 xx 000 0 und d aZhi Da aWhat Drives Target Price Forecasts and Their Investment Value? (pages 487–510) cZhi Da, Keejae P. Hong and Sangwoo Lee c2014 a3 : 1A xBusiness uhttp://onlinelibrary.wiley.com/doi/10.1111/jbfa.12176/pdf